[Event "Manresa op 31st"]
[Site "Manresa"]
[Date "2014.09.27"]
[Round "2"]
[White "Sanchez Rodriguez, Manuel"]
[Black "Clavel Oliveras, Guillem"]
[Result "1/2-1/2"]
[WhiteElo "1706"]
[BlackElo "1816"]
[PlyCount "80"]
[EventDate "2014.09.20"]
[EventType "swiss"]
[EventRounds "8"]
[EventCountry "ESP"]
[SourceTitle "EXT 2016"]
[Source "ChessBase"]
[SourceDate "2015.10.08"]
[SourceVersion "1"]
[SourceVersionDate "2015.10.08"]
[SourceQuality "1"]

1. e4 d5 2. exd5 Qxd5 3. Nc3 Qa5 4. Nf3 Nf6 5. Be2 c5 6. 0-0 e6 7. d4 Qd8 8. dxc5 Qxd1 9. Rxd1 Bxc5 10. Na4 Ne4 11. Nxc5 Nxc5 12. Be3 Nbd7 13. Bb5 Ke7 14. Bxd7 Nxd7 15. c4 Rd8 16. b4 b6 17. a3 Bb7 18. Bf4 Bxf3 19. gxf3 e5 20. Be3 Rac8 21. c5 bxc5 22. bxc5 Nxc5 23. Rxd8 Kxd8 24. Rc1 Ne6 25. Rxc8+ Kxc8 26. Bxa7 Kb7 27. Be3 Ka6 28. Bd2 Kb5 29. Bb4 Kc4 30. Kg2 Kd3 31. Kg3 Ke2 32. a4 f6 33. a5 Nc7 34. Bc5 h5 35. h4 Kd3 36. Bb6 Na6 37. f4 Ke4 38. fxe5 Kxe5 39. f4+ Kd5 40. Kf3 g6 1/2-1/2